Statistics for One Swansea City Player by Nation

Click here to take the quiz!

General Stats

  • This quiz has been taken 125 times
  • The average score is 7 of 10

Answer Stats

NationPlayer% Correct
SpainÀngel Rangel | Pablo Hernández | Chico | +9 others
96%
EnglandWayne Routledge | Nathan Dyer | Leon Britton | +18 others
94%
WalesAshley Williams | Neil Taylor | Ben Davies | +4 others
91%
NetherlandsMichel Vorm | Jonathan de Guzmán | Leroy Fer | +4 others
83%
GhanaJordan Ayew | André Ayew
81%
PortugalÉder | Renato Sanches | Nélson Oliveira
61%
ArgentinaFederico Fernández | Federico Bessone
56%
ScotlandJay Fulton | Stephen Kingsley | Oliver McBurnie | +1 other
51%
FranceBafétimbi Gomis | David N'Gog
50%
SwedenMartin Olsson | Kristoffer Nordfeldt
45%

Score Distribution

Percentile by Number Answered

Percent of People with Each Score

Your Score History

You have not taken this quiz